000 03887cam a22012494i 4500
003 PE-LiUPU
005 20250813185425.0
008 181024a2014 mx re 000 0 spa d
020 _a9789682478659
035 _a(Sirsi) a250428
040 _aPE-LIUPU
_bSpa
_cPE-LiUPU
_erda
049 _aPRUA
082 0 4 _a371.395
_bA59 2014
100 1 _aAndueza, María,
_eautor.
245 _aDinámica de grupos en educación /
_c María Andueza.
250 _aPrimera edición, reimpresión.
264 _aMéxico :
_b Trillas,
_c 2014.
300 _a132 páginas :
_bilustraciones ;
_c23 centímetros.
336 _acontent
_2rdatext
337 _aunmediated
_2rdamedia
338 _avolume
_2rdacarrier
504 _aBibliografía : página 125.
505 _aAcercamiento a la dinámica de grupos: obtención de los logros por medio de la dinámica de grupos -- Oficio del guía o maestro -- Educación media en México -- Aprendizaje de los fundamentos teóricos de la dinámica de grupos: concepto de grupo -- Dinámica de grupos -- El proceso de comunicación -- Educación en la dinámica de grupos -- Técnica de grupos -- ¿Cómo elegir la técnica adecuada? -- Conocimiento de la técnica de grupo: técnicas con la Participación de expertos -- Técnicas con la participación del grupo -- Evaluación del grupo: evaluación -- Autoevaluación -- Métodos y técnicas de evaluación -- ¿Cómo evaluar? -- Cuestionarios.
526 _aP202
526 _aP201
526 _aP163
526 _aP162
526 _aP161
526 _aP160
526 _aP148
526 _aP147
526 _aP146
526 _aP145
526 _aP144
526 _aP143
526 _aP142
526 _aP141
526 _aP140
526 _aP139
526 _aP138
526 _aP137
526 _aP136
526 _aP135
526 _aP134
526 _aP133
526 _aP129
526 _aP128
526 _aP127
526 _aP120
526 _aP119
526 _aP118
526 _aP116
526 _aP115
526 _aP114
526 _aP110
526 _aP109
526 _aP108
526 _aP104
526 _aP103
526 _aP102
526 _aP99
526 _aP98
526 _aP97
526 _aP96
526 _aP95
526 _aP93
526 _aP90
526 _aP89
526 _aP88
526 _aP83
526 _aP82
526 _aP62
526 _aP59
526 _aP58
526 _aP57
526 _aP51
526 _aP49
526 _aP48
526 _aP47
526 _aP29
526 _aP24
526 _aP20
526 _aP19
526 _aP17
526 _aP15
526 _aP14
526 _aP12
526 _aP10
526 _aP09
526 _aP08
526 _aP07
526 _aP06
526 _aP05
526 _aP04
526 _aP01
541 _g002-00000379;
_FT04069.
541 _g002-00000600;
650 0 4 _aTrabajo en grupos (Educación).
650 0 4 _aEstudio
_x Método.
_9256
910 _agavs
_d20181024
910 _adbm
_bksl
_cksl
_d20181119
942 _2ddc
_cBOOK
949 _a371.395 A59 2014
_wDEWEY
_c1
_iFT04069
_lCCODEBUT1
_mBUT
_p{dolar}54.00
_r0
_sY
_tBOOK
_u2018-10-24
_xCRAI
_zOTRO
_0COMPRA
_o.STAFF. Colección General Tarapoto
596 _a1
999 _a371.395 A59 2014
_wDEWEY
_c29926
_iFT04069
_f2019-2-20
_g1
_lCCODEBUT1
_mBUL
_p54.00
_r0
_sY
_tBOOK
_u2018-10-24
_xBIBLIOTECA
_zUNKNOWN
_0COMPRA
_1FCOMPR2
_o.STAFF. Colección General Tarapoto
_d29926
999 _a371.395 A59 2014
_wDEWEY
_c2
_i79245
_f2021-11-8
_g4
_lCCODEBUL1
_mBUL
_p15.99
_r0
_sY
_tBOOK
_u2018-11-19
_xEDUCACION
_PP22
_0COMPRA
_1FCOMPR2
_o.STAFF. Colección Ciencias de la Salud
980 _81
_gALBERTO SANCHEZ Responsable de Automatización